[Event "63rd Bulgarian Team Championship"]
[Site "Sunny Beach"]
[Date "2013.09.21"]
[Round "3"]
[Board "5"]
[White "Bratanov, Zsivko"]
[Black "Kirjakov, Toma"]
[Result "1/2-1/2"]
[WhiteElo "2435"]
[BlackElo "2223"]
[PlyCount "80"]
[EventDate "2013.09.19"]
[EventType "team"]
[EventRounds "7"]
[EventCountry "BUL"]
[WhiteTeam "''Lokomotiv 2000'', Plovdiv"]
[BlackTeam "''Energiya 21'', Dobrich"]

1. d4 Nf6 2. c4 e6 3. Nc3 Bb4 4. e3 c5 5. Nge2 b6 6. a3 Ba5 7. Rb1 Na6 8. Bd2
O-O 9. d5 exd5 10. cxd5 Re8 11. f3 c4 12. e4 Nc5 13. Ng3 b5 14. Be2 a6 15. O-O
d6 16. Kh1 Nfd7 17. Be3 Bb6 18. f4 Nxe4 19. Ngxe4 Bxe3 20. Nxd6 Rf8 21. Nf5 Bb6
22. d6 Nf6 23. Ne7+ Kh8 24. Bf3 Ra7 25. Nc6 Qd7 26. Nxa7 Qxa7 27. Re1 Be3 28.
Nd5 Nxd5 29. Qxd5 Be6 30. Qe4 Bf2 31. f5 Bd7 32. f6 Bxe1 33. Qe7 Rg8 34. Rxe1
Qf2 35. Rd1 Re8 36. h3 Rxe7 37. dxe7 gxf6 38. Rxd7 Qe1+ 39. Kh2 Qe5+ 40. Kh1
Qe1+ 1/2-1/2

[Event "63rd Bulgarian Team Championship"]
[Site "Sunny Beach"]
[Date "2013.09.21"]
[Round "3"]
[Board "6"]
[White "Tonchev, Miroslav"]
[Black "Spassov, Liuben"]
[Result "0-1"]
[WhiteElo "2288"]
[BlackElo "2327"]
[PlyCount "42"]
[EventDate "2013.09.19"]
[EventType "team"]
[EventRounds "7"]
[EventCountry "BUL"]
[WhiteTeam "''Energiya 21'', Dobrich"]
[BlackTeam "''Lokomotiv 2000'', Plovdiv"]

1. Nf3 c5 2. c4 g6 3. d4 Bg7 4. Nc3 cxd4 5. Nxd4 Nc6 6. Nc2 d6 7. e4 Bxc3+ 8.
bxc3 Nf6 9. f3 Qa5 10. Rb1 O-O 11. Be2 Ne5 12. O-O b6 13. Rb5 Qa4 14. f4 Ned7
15. Be3 Nxe4 16. Qd4 Qxc2 17. Bd3 Qxc3 18. Qxe4 Nc5 19. Bxc5 Bf5 20. Qe1 Qxe1
21. Rxe1 dxc5 0-1

[Event "63rd Bulgarian Team Championship"]
[Site "Sunny Beach"]
[Date "2013.09.22"]
[Round "4"]
[Board "1"]
[White "Drenchev, Petar"]
[Black "Tonkov, Bojan"]
[Result "1-0"]
[WhiteElo "2488"]
[BlackElo "2323"]
[PlyCount "125"]
[EventDate "2013.09.19"]
[EventType "team"]
[EventRounds "7"]
[EventCountry "BUL"]
[WhiteTeam "''Marek-Union Ivkoni'', Dupnitsa"]
[BlackTeam "''Energiya 21'', Dobrich"]

1. e4 e5 2. Nf3 Nc6 3. d4 exd4 4. Nxd4 Nf6 5. Nxc6 bxc6 6. e5 Qe7 7. Qe2 Nd5 8.
c4 Nb6 9. Nc3 Bb7 10. Bd2 Qe6 11. O-O-O O-O-O 12. f4 Ba6 13. b3 Ba3+ 14. Kb1 f6
15. Qe4 Bb7 16. Bd3 g6 17. Rhe1 f5 18. Qe3 Qe7 19. Qg1 Bc5 20. Be3 Bb4 21. Rc1
Rhe8 22. c5 Nd5 23. Nxd5 cxd5 24. Red1 g5 25. Kb2 gxf4 26. Bxf4 c6 27. Qd4 Ba5
28. Bxf5 Bc7 29. Re1 Qg7 30. g4 Ba6 31. Rc3 Re7 32. Rh3 Qh8 33. Rh6 Kb7 34. Re3
Rde8 35. Ka3 Ka8 36. Rf6 Rb8 37. Kb2 Ba5 38. a3 Bc7 39. g5 Qe8 40. h4 Bc4 41.
Kc2 Bb5 42. Bg4 a5 43. h5 Qc8 44. g6 hxg6 45. hxg6 Qb7 46. Rf7 Rxf7 47. gxf7
Bc4 48. Bh6 Bxb3+ 49. Kd2 a4 50. f8=Q Ba5+ 51. Ke2 Rxf8 52. Bxf8 Bc4+ 53. Kf2
Qb1 54. Qd1 Qh7 55. Qxa4 Qh2+ 56. Kf3 Qd2 57. Bxd7 Kb8 58. Bd6+ Ka7 59. Bxc6 d4
60. Re4 Bf1 61. Rxd4 Bg2+ 62. Kg3 Bxc6 63. Rxd2 1-0

[Event "63rd Bulgarian Team Championship"]
[Site "Sunny Beach"]
[Date "2013.09.22"]
[Round "4"]
[Board "2"]
[White "Velikov, Petar"]
[Black "Inkiov, Ventzislav"]
[Result "0-1"]
[WhiteElo "2416"]
[BlackElo "2408"]
[PlyCount "70"]
[EventDate "2013.09.19"]
[EventType "team"]
[EventRounds "7"]
[EventCountry "BUL"]
[WhiteTeam "''Energiya 21'', Dobrich"]
[BlackTeam "''Marek-Union Ivkoni'', Dupnitsa"]

1. c4 Nf6 2. Nf3 e6 3. d4 Bb4+ 4. Bd2 Qe7 5. g3 O-O 6. Bg2 Bxd2+ 7. Nbxd2 d6 8.
O-O e5 9. e4 c5 10. d5 Bg4 11. Qc2 Bxf3 12. Nxf3 Nbd7 13. Ne1 g6 14. Nd3 Nh5
15. Rae1 Rae8 16. f4 f5 17. fxe5 dxe5 18. Bh3 Ng7 19. Rf2 Qd6 20. Qc3 Nf6 21.
exf5 e4 22. Nc1 gxf5 23. Bxf5 Nxd5 24. Bxh7+ Kxh7 25. cxd5 Rxf2 26. Kxf2 Qxd5
27. Ne2 Ne6 28. Qe3 Nd4 29. Nc3 Qh5 30. Qf4 Qxh2+ 31. Kf1 Qh3+ 32. Kf2 Nf5 33.
Nxe4 Qh2+ 34. Kf1 Rf8 35. Ng5+ Kg8 0-1

[Event "63rd Bulgarian Team Championship"]
[Site "Sunny Beach"]
[Date "2013.09.22"]
[Round "4"]
[Board "3"]
[White "Milchev, Nikolay"]
[Black "Manolov, Ivan"]
[Result "1/2-1/2"]
[WhiteElo "2416"]
[BlackElo "2197"]
[PlyCount "91"]
[EventDate "2013.09.19"]
[EventType "team"]
[EventRounds "7"]
[EventCountry "BUL"]
[WhiteTeam "''Marek-Union Ivkoni'', Dupnitsa"]
[BlackTeam "''Energiya 21'', Dobrich"]

1. Nf3 Nf6 2. g3 c5 3. Bg2 g6 4. O-O Bg7 5. c3 O-O 6. d4 Qc7 7. Re1 d6 8. e4 e5
9. h3 Nc6 10. Na3 a6 11. Nc2 cxd4 12. cxd4 h6 13. b3 Rd8 14. d5 Nb8 15. a4 a5
16. Na3 Na6 17. Nb5 Qb8 18. Ba3 b6 19. Bxd6 Rxd6 20. Nxe5 Ne8 21. Nxf7 Rd7 22.
Nxh6+ Bxh6 23. e5 Rg7 24. f4 Nc5 25. Rc1 Raa7 26. d6 Rad7 27. h4 Ba6 28. Bc6
Bxb5 29. axb5 Qd8 30. Qf3 Kh8 31. Rcd1 Ne6 32. Qg4 Nf8 33. Bxd7 Rxd7 34. e6 Nf6
35. Qe2 Rxd6 36. e7 Qd7 37. Rxd6 Qxd6 38. Rd1 Qc5+ 39. Kg2 Kh7 40. Rd8 Bg7 41.
Qe5 Qc2+ 42. Kh3 N8d7 43. Qe6 Qd1 44. Kg2 Qc2+ 45. Kf3 Qd3+ 46. Qe3 {....54.}
1/2-1/2

[Event "63rd Bulgarian Team Championship"]
[Site "Sunny Beach"]
[Date "2013.09.22"]
[Round "4"]
[Board "4"]
[White "Georgiev, Biser"]
[Black "Nikolov, Sasho"]
[Result "1-0"]
[WhiteElo "2256"]
[BlackElo "2382"]
[PlyCount "209"]
[EventDate "2013.09.19"]
[EventType "team"]
[EventRounds "7"]
[EventCountry "BUL"]
[WhiteTeam "''Energiya 21'', Dobrich"]
[BlackTeam "''Marek-Union Ivkoni'', Dupnitsa"]

1. e4 c6 2. c4 d5 3. cxd5 cxd5 4. exd5 Nf6 5. Nc3 Nxd5 6. Nf3 e6 7. d4 Be7 8.
Bd3 Nc6 9. a3 O-O 10. Bc2 Nxc3 11. bxc3 Qd5 12. Qd3 g6 13. O-O Rd8 14. c4 Qd6
15. Bb2 Bf6 16. Rfd1 b6 17. Qe2 Ba6 18. Bb3 Na5 19. Ba2 Rac8 20. Rac1 Bg7 21.
Rc2 Rc7 22. h4 Rdc8 23. Rdc1 Qf4 24. h5 gxh5 25. Rc3 Qg4 26. Qc2 h4 27. Bb1 f5
28. Qe2 Rc6 29. Bd3 Bb7 30. Qe3 Rd6 31. Bf1 Bxf3 32. c5 bxc5 33. Rxc5 Rcd8 34.
Rxa5 Be4 35. Rxa7 Rxd4 36. f3 Qg3 37. Rxg7+ Qxg7 38. Bxd4 Qxd4 39. Qxd4 Rxd4
40. fxe4 Rxe4 41. Ra1 Ra4 42. Bb5 Ra5 43. a4 Kf7 44. Kf2 Kf6 45. Rc1 Ra7 46.
Kf3 Ke5 47. Ra1 Ra5 48. Re1+ Kf6 49. Kf4 Ra7 50. Bc4 Rxa4 51. Rxe6+ Kg7 52. Rc6
Ra3 53. Bf1 Ra2 54. Kf3 Ra3+ 55. Kf2 Rg3 56. Rc4 Rg4 57. Rc6 Rg6 58. Rc7+ Kh6
59. Rf7 Rg5 60. Rf6+ Kg7 61. Ra6 Rg3 62. Be2 Rg6 63. Ra4 Rh6 64. Kg1 h3 65. g3
h2+ 66. Kh1 Kf6 67. Bf1 Kg5 68. Rf4 Rh5 69. Bg2 Rh6 70. Bf1 Rh5 71. Bg2 Rh6 72.
Bb7 Rh3 73. Bc8 Rxg3 74. Rxf5+ Kg6 75. Rc5 Rf3 76. Kxh2 h6 77. Bb7 Re3 78. Bc6
Kf6 79. Kg2 Re5 80. Rc4 Kg5 81. Bf3 Re7 82. Kg3 Rg7 83. Rc5+ Kf6+ 84. Kf4 Rg5
85. Rc6+ Kg7 86. Rc7+ Kg8 87. Be4 Rb5 88. Bf5 Ra5 89. Be6+ Kh8 90. Kg4 Rg5+ 91.
Kf4 Ra5 92. Bf5 Kg8 93. Rd7 Rb5 94. Be6+ Kh8 95. Bd5 Rb1 96. Ke5 Re1+ 97. Be4
Kg8 98. Kf5 Ra1 99. Bd3 Kf8 100. Kf6 Ke8 101. Rd6 Ra8 102. Bf5 Rb8 103. Be6 h5
104. Bf7+ Kf8 105. Bxh5 {.....118} 1-0

[Event "63rd Bulgarian Team Championship"]
[Site "Sunny Beach"]
[Date "2013.09.22"]
[Round "4"]
[Board "5"]
[White "Mladenov, Plamen"]
[Black "Kirjakov, Toma"]
[Result "1/2-1/2"]
[WhiteElo "2390"]
[BlackElo "2223"]
[PlyCount "100"]
[EventDate "2013.09.19"]
[EventType "team"]
[EventRounds "7"]
[EventCountry "BUL"]
[WhiteTeam "''Marek-Union Ivkoni'', Dupnitsa"]
[BlackTeam "''Energiya 21'', Dobrich"]

1. e4 c5 2. Nf3 e6 3. b3 b6 4. Bb2 Bb7 5. Qe2 Nf6 6. Nc3 d5 7. exd5 Nxd5 8.
Nxd5 Qxd5 9. Qe3 Qe4 10. Bb5+ Ke7 11. O-O-O Qxe3 12. fxe3 f6 13. d4 Ba6 14. a4
Bxb5 15. axb5 Kf7 16. Rhf1 Bd6 17. e4 Bf4+ 18. Kb1 cxd4 19. Rxd4 Be3 20. Rd3
Bc5 21. e5 f5 22. g4 g6 23. gxf5 gxf5 24. Ng5+ Ke7 25. Rd6 h6 26. Rxe6+ Kd7 27.
Rd1+ Kc7 28. Nf3 a6 29. Rf6 axb5 30. Rf7+ Kc8 31. b4 Bxb4 32. Nd4 Rd8 33. Rg1
Nd7 34. Nxf5 Bc5 35. Rgg7 Ra4 36. c4 Rb4 37. e6 Ne5 38. Rc7+ Kb8 39. Rb7+ Ka8
40. Ra7+ Kb8 41. Rgb7+ Kc8 42. e7 Rg8 43. Ra8+ Kxb7 44. Rxg8 Bxe7 45. Nxe7 Nd3
46. Rg2 bxc4 47. Ka2 Ra4+ 48. Kb1 Rb4 49. Ka2 Ra4+ 50. Kb1 Rb4 1/2-1/2

[Event "63rd Bulgarian Team Championship"]
[Site "Sunny Beach"]
[Date "2013.09.22"]
[Round "4"]
[Board "6"]
[White "Tonchev, Miroslav"]
[Black "Stoinev, Metodi"]
[Result "1-0"]
[WhiteElo "2288"]
[BlackElo "2221"]
[PlyCount "99"]
[EventDate "2013.09.19"]
[EventType "team"]
[EventRounds "7"]
[EventCountry "BUL"]
[WhiteTeam "''Energiya 21'', Dobrich"]
[BlackTeam "''Marek-Union Ivkoni'', Dupnitsa"]

1. e4 e5 2. Nf3 Nc6 3. d4 exd4 4. Nxd4 Bc5 5. Nb3 Bb4+ 6. c3 Be7 7. g3 d6 8.
Bg2 Nf6 9. O-O O-O 10. h3 a5 11. a4 Be6 12. f4 Re8 13. Re1 Qc8 14. Kh2 Bxb3 15.
Qxb3 Bf8 16. Na3 Rb8 17. Nb5 Nd7 18. Be3 Nc5 19. Bxc5 dxc5 20. Rad1 Re7 21. Rd2
Qe8 22. e5 Rd8 23. Rde2 Kh8 24. Na3 b6 25. Nc4 g6 26. Ne3 Nxe5 27. fxe5 Rxe5
28. Qc4 Bd6 29. Ng4 Rxe2 30. Rxe2 Qf8 31. Nf6 Qg7 32. Ne8 Qf8 33. Bc6 f5 34.
Nxd6 Qxd6 35. Bg2 Kg7 36. Re6 Qd7 37. Qe2 Kf7 38. Re5 c6 39. Qf3 Qd6 40. Re2
Rc8 41. Qe3 h5 42. h4 Kf6 43. Rd2 Qc7 44. Qd3 Ke7 45. Bf1 Rf8 46. Kg2 Rf6 47.
Qe3+ Re6 48. Qg5+ Ke8 49. Bc4 Rd6 50. Re2+ 1-0

[Event "63rd Bulgarian Team Championship"]
[Site "Sunny Beach"]
[Date "2013.09.22"]
[Round "4"]
[Board "1"]
[White "Rusev, Krasimir"]
[Black "Grigorov, Grigor"]
[Result "1/2-1/2"]
[WhiteElo "2561"]
[BlackElo "2490"]
[PlyCount "78"]
[EventDate "2013.09.19"]
[EventType "team"]
[EventRounds "7"]
[EventCountry "BUL"]
[WhiteTeam "''Abritus'', Razgrad"]
[BlackTeam "''Lokomotiv 2000'', Plovdiv"]

1. Nf3 Nf6 2. c4 c5 3. g3 b6 4. Bg2 Bb7 5. O-O e6 6. Nc3 Be7 7. d4 cxd4 8. Qxd4
d6 9. Bg5 a6 10. Bxf6 Bxf6 11. Qf4 Bxf3 12. exf3 Ra7 13. Rad1 Rd7 14. Ne4 Be7
15. Qe3 O-O 16. f4 b5 17. cxb5 axb5 18. f5 exf5 19. Nc3 Bf6 20. Nd5 Na6 21.
Nxf6+ Qxf6 22. Bc6 Re7 23. Qd4 Qxd4 24. Rxd4 Rb8 25. Rfd1 g6 26. a3 b4 27. Rxd6
bxa3 28. bxa3 Nc5 29. R6d5 Ne4 30. Rd8+ Rxd8 31. Rxd8+ Kg7 32. Rd7 Re6 33. Bb5
Rb6 34. a4 Nc3 35. Bc4 Nxa4 36. Rxf7+ Kh8 37. Re7 Nc5 38. h4 Rb7 39. Rxb7 Nxb7
1/2-1/2

[Event "63rd Bulgarian Team Championship"]
[Site "Sunny Beach"]
[Date "2013.09.22"]
[Round "4"]
[Board "2"]
[White "Janev, Evgeni"]
[Black "Georgiev, Vladimir"]
[Result "1/2-1/2"]
[WhiteElo "2459"]
[BlackElo "2549"]
[PlyCount "63"]
[EventDate "2013.09.19"]
[EventType "team"]
[EventRounds "7"]
[EventCountry "BUL"]
[WhiteTeam "''Lokomotiv 2000'', Plovdiv"]
[BlackTeam "''Abritus'', Razgrad"]

1. e4 e5 2. Nf3 Nc6 3. Bc4 Bc5 4. d3 Nf6 5. Nc3 h6 6. Be3 Bb6 7. Bxb6 axb6 8.
O-O O-O 9. d4 d6 10. h3 Bd7 11. Re1 Re8 12. Qd2 Nxd4 13. Nxd4 exd4 14. Qxd4 Bc6
15. Re3 Qe7 16. a3 Qe5 17. Qxe5 dxe5 18. Rd1 Rad8 19. Rxd8 Rxd8 20. Rd3 Rxd3
21. Bxd3 Kf8 22. Kf1 Ke7 23. Ke2 Ne8 24. Ke3 Nd6 25. g3 Bd7 26. h4 Be6 27. Nb5
Nxb5 28. Bxb5 Kd6 29. b4 f6 30. f4 Ke7 31. Be2 Kd6 32. c4 1/2-1/2

[Event "63rd Bulgarian Team Championship"]
[Site "Sunny Beach"]
[Date "2013.09.22"]
[Round "4"]
[Board "3"]
[White "Chatalbashev, Boris"]
[Black "Arnaudov, G. Petar"]
[Result "1/2-1/2"]
[WhiteElo "2537"]
[BlackElo "2487"]
[PlyCount "66"]
[EventDate "2013.09.19"]
[EventType "team"]
[EventRounds "7"]
[EventCountry "BUL"]
[WhiteTeam "''Abritus'', Razgrad"]
[BlackTeam "''Lokomotiv 2000'', Plovdiv"]

1. d4 Nf6 2. c4 c5 3. d5 b5 4. cxb5 a6 5. bxa6 g6 6. Nc3 Bxa6 7. g3 Bg7 8. Bg2
d6 9. Nf3 Nbd7 10. Rb1 O-O 11. O-O Qa5 12. Bd2 Bb7 13. Qc2 Qa7 14. e4 Ba6 15.
Rfd1 Ng4 16. Bg5 Nde5 17. Nxe5 Nxe5 18. b3 Rfb8 19. a4 Rb4 20. Na2 Rb7 21. h3
Rc8 22. b4 Bc4 23. Be3 Ra8 24. bxc5 Rxb1 25. Qxb1 Qxa4 26. Nc3 Qa5 27. Qb7 Nd3
28. cxd6 exd6 29. Ne2 Nb2 30. Rd2 Qa1+ 31. Kh2 Bxe2 32. Rxe2 Nc4 33. Bf4 Ne5
1/2-1/2

[Event "63rd Bulgarian Team Championship"]
[Site "Sunny Beach"]
[Date "2013.09.22"]
[Round "4"]
[Board "4"]
[White "Kozhuharov, Spas"]
[Black "Nikolov, Momchil"]
[Result "1-0"]
[WhiteElo "2453"]
[BlackElo "2539"]
[PlyCount "133"]
[EventDate "2013.09.19"]
[EventType "team"]
[EventRounds "7"]
[EventCountry "BUL"]
[WhiteTeam "''Lokomotiv 2000'', Plovdiv"]
[BlackTeam "''Abritus'', Razgrad"]

1. c4 Nf6 2. Nc3 e5 3. g3 c6 4. d4 d6 5. Bg2 Nbd7 6. Nf3 g6 7. O-O Bg7 8. dxe5
dxe5 9. Qd6 Bf8 10. Qd3 Qe7 11. e4 Nc5 12. Qc2 a5 13. h3 Qc7 14. Be3 Nfd7 15.
b3 Bg7 16. a3 O-O 17. b4 Ne6 18. Rad1 axb4 19. axb4 Re8 20. c5 b6 21. Nd5 cxd5
22. exd5 Nexc5 23. d6 Qa7 24. bxc5 Nxc5 25. Bxc5 bxc5 26. Ng5 Bf5 27. Qc4 e4
28. d7 Red8 29. Nxf7 Rxd7 30. Ne5+ Rf7 31. Nxf7 Qxf7 32. Qxc5 h5 33. Qd5 Ra4
34. Rfe1 Qxd5 35. Rxd5 Kf7 36. Rc1 Bd4 37. Rd1 e3 38. fxe3 Bxe3+ 39. Kh2 h4 40.
g4 Be6 41. Rb5 g5 42. Bd5 Bxd5 43. Rdxd5 Bf4+ 44. Kg2 Ra3 45. Rd7+ Ke6 46. Rh7
Rg3+ 47. Kf1 Rxh3 48. Rh6+ Kd7 49. Rb7+ Kc8 50. Rg7 Rd3 51. Ke2 Rd7 52. Rg8+
Kc7 53. Re8 Rd2+ 54. Ke1 Rd3 55. Ra8 Kb7 56. Rf8 Rd6 57. Rxd6 Bxd6 58. Rf5 h3
59. Rxg5 h2 60. Rh5 Kc6 61. Kf2 Kd7 62. Kg2 Ke7 63. Rf5 Ke6 64. Rf1 Be5 65. g5
Kd6 66. g6 Ke6 67. Re1 1-0

[Event "63rd Bulgarian Team Championship"]
[Site "Sunny Beach"]
[Date "2013.09.22"]
[Round "4"]
[Board "5"]
[White "Bojkov, Dejan"]
[Black "Bratanov, Zsivko"]
[Result "1-0"]
[WhiteElo "2505"]
[BlackElo "2435"]
[PlyCount "73"]
[EventDate "2013.09.19"]
[EventType "team"]
[EventRounds "7"]
[EventCountry "BUL"]
[WhiteTeam "''Abritus'', Razgrad"]
[BlackTeam "''Lokomotiv 2000'', Plovdiv"]

1. e4 e6 2. d4 d5 3. Nc3 dxe4 4. Nxe4 Nd7 5. Nf3 Ngf6 6. Bd3 c5 7. O-O cxd4 8.
Nxd4 Be7 9. c3 Nxe4 10. Bxe4 Nf6 11. Bf3 e5 12. Nb5 O-O 13. Qxd8 Rxd8 14. Re1
Bg4 15. Bxg4 Nxg4 16. h3 a6 17. Nc7 Rac8 18. Nxa6 Nf6 19. Nb4 Bxb4 20. cxb4 Rc2
21. a4 Rdc8 22. b5 h6 23. b3 Nd5 24. Ba3 f6 25. Rec1 Kf7 26. Rxc2 Rxc2 27. a5
Rc8 28. a6 Ke6 29. a7 Ra8 30. Bf8 Kf7 31. Bd6 b6 32. Bb8 Nc3 33. Ra6 Nd5 34.
Ra2 Ke6 35. Rc2 h5 36. Rc6+ Ke7 37. Rd6 1-0

[Event "63rd Bulgarian Team Championship"]
[Site "Sunny Beach"]
[Date "2013.09.22"]
[Round "4"]
[Board "6"]
[White "Spassov, Liuben"]
[Black "Enchev, Ivajlo"]
[Result "0-1"]
[WhiteElo "2327"]
[BlackElo "2445"]
[PlyCount "94"]
[EventDate "2013.09.19"]
[EventType "team"]
[EventRounds "7"]
[EventCountry "BUL"]
[WhiteTeam "''Lokomotiv 2000'', Plovdiv"]
[BlackTeam "''Abritus'', Razgrad"]

1. d4 d5 2. c4 c6 3. Nc3 Nf6 4. e3 e6 5. Nf3 Nbd7 6. Qc2 Bd6 7. b3 b6 8. Bd3
Bb7 9. O-O O-O 10. Bb2 Rc8 11. Rfd1 Qe7 12. Rac1 Rfe8 13. Qe2 dxc4 14. Bxc4 b5
15. Bd3 e5 16. dxe5 Nxe5 17. Bf5 Rcd8 18. Nd2 Ned7 19. Nce4 Bb8 20. Nxf6+ Nxf6
21. Nf3 a6 22. Bd4 Rd5 23. Bxf6 Rxd1+ 24. Qxd1 Qxf6 25. Qd7 Qe7 26. Qxe7 Rxe7
27. b4 g6 28. Bd3 Bd6 29. Nd4 Bxb4 30. Nxc6 Rc7 31. Be4 Bf8 32. Bd5 Kg7 33. e4
Bd6 34. g3 a5 35. Kf1 a4 36. Ke2 b4 37. Kd1 b3 38. axb3 axb3 39. Na5 b2 40. Rb1
Bxd5 41. exd5 Rc5 42. Nb3 Rxd5+ 43. Kc2 Be5 44. Re1 Bf6 45. f4 Rd8 46. Nd2 Rc8+
47. Kb1 Bc3 0-1

[Event "63rd Bulgarian Team Championship"]
[Site "Sunny Beach"]
[Date "2013.09.22"]
[Round "4"]
[Board "2"]
[White "Genov, Petar"]
[Black "Djukic, Nikola"]
[Result "1/2-1/2"]
[WhiteElo "2455"]
[BlackElo "2551"]
[PlyCount "61"]
[EventDate "2013.09.19"]
[EventType "team"]
[EventRounds "7"]
[EventCountry "BUL"]
[WhiteTeam "''Lokomotiv'', Sofia"]
[BlackTeam "''Lokomotiv'', Plovdiv"]

1. d4 Nf6 2. Nf3 g6 3. g3 Bg7 4. Bg2 O-O 5. O-O d5 6. Ne5 c6 7. c4 dxc4 8. Nxc4
Be6 9. b3 Bd5 10. Bb2 Nbd7 11. Nbd2 Bxg2 12. Kxg2 c5 13. Nf3 cxd4 14. Bxd4 b5
15. Ne3 Qc7 16. Rc1 Qb7 17. Kg1 Rfd8 18. Qc2 Rac8 19. Qb2 a6 20. Rxc8 Rxc8 21.
Rc1 Rxc1+ 22. Qxc1 Nf8 23. Qc2 Ne6 24. Be5 Ne4 25. Bxg7 Kxg7 26. b4 N6g5 27.
Nxg5 Nxg5 28. Qc3+ f6 29. f3 Ne6 30. a3 Qb6 31. Kf2 1/2-1/2

[Event "63rd Bulgarian Team Championship"]
[Site "Sunny Beach"]
[Date "2013.09.22"]
[Round "4"]
[Board "3"]
[White "Petkov, Vladimir"]
[Black "Georgiev, Krum"]
[Result "1-0"]
[WhiteElo "2564"]
[BlackElo "2448"]
[PlyCount "43"]
[EventDate "2013.09.19"]
[EventType "team"]
[EventRounds "7"]
[EventCountry "BUL"]
[WhiteTeam "''Lokomotiv'', Plovdiv"]
[BlackTeam "''Lokomotiv'', Sofia"]

1. d4 Nf6 2. c4 g6 3. Nc3 Bg7 4. e4 d6 5. h3 O-O 6. Bg5 a6 7. Nf3 c5 8. dxc5
Qa5 9. Bd3 dxc5 10. O-O Nc6 11. Nd5 Re8 12. Re1 Qd8 13. Qb3 h6 14. Bh4 e5 15.
Rad1 Re6 16. Bf1 Qa5 17. a3 Nh5 18. Qb6 Qxb6 19. Nxb6 Rb8 20. Bd8 Nd4 21. Bc7
Rxb6 22. Bxb6 1-0

[Event "63rd Bulgarian Team Championship"]
[Site "Sunny Beach"]
[Date "2013.09.22"]
[Round "4"]
[Board "4"]
[White "Ivanov, Jordan"]
[Black "Yanev, Tihomir"]
[Result "1/2-1/2"]
[WhiteElo "2385"]
[BlackElo "2424"]
[PlyCount "60"]
[EventDate "2013.09.19"]
[EventType "team"]
[EventRounds "7"]
[EventCountry "BUL"]
[WhiteTeam "''Lokomotiv'', Sofia"]
[BlackTeam "''Lokomotiv'', Plovdiv"]

1. Nf3 Nf6 2. c4 c5 3. Nc3 Nc6 4. e3 g6 5. d4 cxd4 6. exd4 d5 7. cxd5 Nxd5 8.
Qb3 Nxc3 9. Bc4 Nd5 10. Bxd5 e6 11. Bxc6+ bxc6 12. O-O Qd5 13. Bf4 Bg7 14. Qa3
Bb7 15. Rac1 Bf8 16. Qb3 Qxb3 17. axb3 f6 18. Nd2 Rd8 19. Be3 Bb4 20. Ne4 Kf7
21. Nc5 Bxc5 22. Rxc5 Rd5 23. Rfc1 Rxc5 24. Rxc5 Rd8 25. Ra5 a6 26. f3 Rd5 27.
Ra4 Rb5 28. b4 Ke7 29. Bd2 e5 30. dxe5 Rxe5 1/2-1/2

[Event "63rd Bulgarian Team Championship"]
[Site "Sunny Beach"]
[Date "2013.09.22"]
[Round "4"]
[Board "5"]
[White "Lalev, Dimitar"]
[Black "Serafimov, Tervel"]
[Result "0-1"]
[WhiteElo "2376"]
[BlackElo "2433"]
[PlyCount "79"]
[EventDate "2013.09.19"]
[EventType "team"]
[EventRounds "7"]
[EventCountry "BUL"]
[WhiteTeam "''Lokomotiv'', Plovdiv"]
[BlackTeam "''Lokomotiv'', Sofia"]

1. e4 c6 2. c4 d5 3. cxd5 cxd5 4. exd5 Nf6 5. Nc3 g6 6. Bc4 Bg7 7. Nf3 O-O 8.
O-O Nbd7 9. d3 a6 10. a4 Nb6 11. Qb3 Qc7 12. Be3 Nxc4 13. dxc4 Bf5 14. Ne2 Nd7
15. Bd4 Bh6 16. Ng3 Bg4 17. Rfe1 Bxf3 18. Qxf3 Qxc4 19. Rad1 Bg7 20. Bxg7 Kxg7
21. Rxe7 Qxa4 22. Ne4 Rae8 23. d6 Ne5 24. Qf6+ Kg8 25. Nc3 Qa5 26. Re1 Nd7 27.
Qd4 Rd8 28. Nd5 Qc5 29. Nf6+ Kh8 30. Qh4 Nxf6 31. Qxf6+ Kg8 32. d7 Qc6 33. Qd4
b6 34. b4 a5 35. h4 axb4 36. Re8 Rfxe8 37. Rxe8+ Rxe8 38. dxe8=Q+ Qxe8 39. Qxb4
h5 40. Qd4 0-1

[Event "63rd Bulgarian Team Championship"]
[Site "Sunny Beach"]
[Date "2013.09.22"]
[Round "4"]
[Board "6"]
[White "Todorov, Ognjan"]
[Black "Popov, Luben"]
[Result "1/2-1/2"]
[WhiteElo "2252"]
[BlackElo "2313"]
[PlyCount "44"]
[EventDate "2013.09.19"]
[EventType "team"]
[EventRounds "7"]
[EventCountry "BUL"]
[WhiteTeam "''Lokomotiv'', Sofia"]
[BlackTeam "''Lokomotiv'', Plovdiv"]

1. d4 Nf6 2. Nf3 g6 3. c4 c5 4. d5 b5 5. cxb5 a6 6. bxa6 Bxa6 7. Nc3 d6 8. g3
Bg7 9. Bg2 Nbd7 10. O-O O-O 11. Rb1 Qc7 12. b3 Ng4 13. Bd2 Rfb8 14. Qc2 Nge5
15. Nxe5 Nxe5 16. h3 Rb7 17. a4 Rab8 18. Rfc1 Rb6 19. Qd1 Qc8 20. Qc2 Qc7 21.
Qd1 Qc8 22. Qc2 Qc7 1/2-1/2

[Event "63rd Bulgarian Team Championship"]
[Site "Sunny Beach"]
[Date "2013.09.22"]
[Round "4"]
[Board "1"]
[White "Shishkov, Minko"]
[Black "Delchev, Aleksander"]
[Result "0-1"]
[WhiteElo "2278"]
[BlackElo "2637"]
[PlyCount "76"]
[EventDate "2013.09.19"]
[EventType "team"]
[EventRounds "7"]
[EventCountry "BUL"]
[WhiteTeam "''Maritsa-Iztok'', Radnevo"]
[BlackTeam "''Nayden Voynov'', Vidin"]

1. c4 e5 2. Nc3 d6 3. Nf3 f5 4. d4 e4 5. Ng5 Be7 6. Nh3 Nf6 7. Bg5 O-O 8. e3 c5
9. dxc5 dxc5 10. Be2 Nc6 11. O-O Be6 12. Qb3 Na5 13. Qa4 b6 14. Rfd1 Qe8 15.
Qxe8 Raxe8 16. b3 h6 17. Bf4 g5 18. Bd6 Nc6 19. Nb5 Bc8 20. f4 exf3 21. Bxf3
Nb4 22. Nc7 Bxd6 23. Rxd6 Re7 24. Nd5 Nfxd5 25. Bxd5+ Kg7 26. Nf2 Rxe3 27. Rf1
Nxd5 28. cxd5 Rfe8 29. h3 Re2 30. Nh1 f4 31. h4 Rxa2 32. hxg5 hxg5 33. Rc6 Bf5
34. Rc7+ Kg6 35. Rc6+ Kh5 36. Rf6 Be4 37. Nf2 Bxd5 38. Rd1 Ree2 0-1

[Event "63rd Bulgarian Team Championship"]
[Site "Sunny Beach"]
[Date "2013.09.22"]
[Round "4"]
[Board "2"]
[White "Nabaty, Tamir"]
[Black "Marholev, Dimitar"]
[Result "1-0"]
[WhiteElo "2575"]
[BlackElo "2325"]
[PlyCount "117"]
[EventDate "2013.09.19"]
[EventType "team"]
[EventRounds "7"]
[EventCountry "BUL"]
[WhiteTeam "''Nayden Voynov'', Vidin"]
[BlackTeam "''Maritsa-Iztok'', Radnevo"]

1. d4 b6 2. e4 Bb7 3. f3 e6 4. Be3 d5 5. exd5 Bxd5 6. Nc3 Bb7 7. Qd2 Nf6 8.
O-O-O Nbd7 9. Bc4 Bb4 10. Nge2 Bd5 11. Qd3 Bxc4 12. Qxc4 Bd6 13. g4 a6 14. g5
Ng8 15. d5 e5 16. Ng3 Ne7 17. h4 b5 18. Qg4 Qc8 19. Nge4 Nf8 20. h5 Qxg4 21.
fxg4 Nd7 22. h6 g6 23. Rhf1 Rf8 24. Nf6+ Nxf6 25. gxf6 Nc8 26. Ne4 Rh8 27. Rd3
Bf8 28. Rc3 Nd6 29. Nf2 O-O-O 30. Rd1 Kb7 31. Bg5 Nc8 32. Ne4 Nb6 33. Rcd3 Nc4
34. Kb1 Bb4 35. Rb3 Bd6 36. Bc1 Rd7 37. Rbd3 Bb4 38. Rb3 Bd6 39. a3 Rhd8 40.
Ng5 Rh8 41. Rbd3 Bc5 42. Re1 Bf8 43. Ne4 Bd6 44. Ka2 Rdd8 45. b3 Nb6 46. Be3
Bf8 47. Red1 Nc8 48. c4 Nd6 49. Nc5+ Kc8 50. Nxa6 bxc4 51. bxc4 Ne4 52. c5 Kb7
53. Nb4 Nxc5 54. Nc6 Ra8 55. Rc3 Nd7 56. Na7 Bc5 57. Bxc5 Nxc5 58. Rb1+ Ka6 59.
Nb5 1-0